Next To You-Ole 60 - Statistics

General Stats
  • This quiz has been taken 47 times
  • The average score is 212 of 244
Answer Stats
Hint Answer % Correct
be
100%
I
100%
next
100%
standing
100%
the
100%
to
100%
you
100%
You
100%
A
96%
a
96%
and
96%
And
96%
I'd
96%
if
96%
I'll
96%
in
96%
me?
96%
me
96%
no
96%
run
96%
Said
96%
said
96%
told
96%
we
96%
ain't
91%
Ain't
91%
ever
91%
love
91%
not
91%
of
91%
Bridge | Chorus | Outro Oh
91%
so
91%
some
91%
still
91%
that
91%
was
91%
do
87%
Verse Fools
87%
fools
87%
Lights
87%
remember
87%
up
87%
were
87%
wrong
87%
all
83%
All
83%
at
83%
crying
83%
fighting
83%
my
83%
night
83%
on
83%
time
83%
way
83%
back
78%
call
78%
every
78%
first
78%
hard
78%
like
78%
pick
78%
right
78%
very
78%
why
78%
loved
74%
pack
74%
say?
74%
Seems
74%
they
74%
this
74%
trying
74%
wasn't
74%
Wasn't
74%
what
74%
left
70%
One
70%
That's
70%
there
70%
two
70%
wrongs
70%
fall
65%
lie
65%
terrified
65%
will
65%
Adderall
61%
already
61%
been
61%
'bout
61%
gone
61%
Marlboro
61%
you'd
61%
end
57%
nights
57%
sleeping
57%
would
57%
always
52%
denying
52%
fact
52%
here
52%
Verse I'm
52%
losing
52%
Somethin'
52%
We've
52%
with
52%
believing
48%
But
48%
leave
48%
could
43%
somehow
39%
No matching quizzes found
Score Distribution
Percent of People with Each Score
Percentile by Number Answered
Your Score History
You have not taken this quiz